zpět

Detail výsledku týmu

U Dvou dobráků PO, Opava

Datum a čas kvízu

23 Celkem bodů Celkový počet nahraných bodů na tomto kvízu bez doplňovacích otázek.
4. Pořadí na kvízu Konečné umístění týmu na tomto kvízu.

Zaznamenané odpovědi

# Otázka Odpověď Body Výsledky
1. Česká společnost ornitologická... zvonek (zelený) 0
2. Ve které středoasijské zemi za... v Kazachstánu 1
3. Ukrajinskému ministru kultury... Emily in Paris 1
4. V úterý jedna společnost defin... BlackBerry 1
5. Hokejisty Pardubic po neshodác... Jakub Nakládal 0
6. V následujícím tématu si připo... Jiří Wolker 1
7. Herec Heath Ledger zemřel neče... Kletba bratří Grimmů, Legendy z Dogtownu 0
8. Anne Franková je navzdory svém... Bergen-Belsen 0
9. Nevynecháme ani známé hudebník... 2011 1
10. V poslední otázce se vrátíme n... 1A 2B 3C 4D 0